Surveying and levelling / (Record no. 101844)
[ view plain ]
| 000 -LEADER | |
|---|---|
| fixed length control field | 01027nam a22002537a 4500 |
| 005 - DATE AND TIME OF LATEST TRANSACTION | |
| control field | 20170504150449.0 |
| 010 ## - LCCN (DPL NO) | |
| LC control number | 1617EN ENG-116928 |
| 020 ## - INTERNATIONAL STANDARD BOOK NUMBER | |
| Terms of availability | 625.00 |
| International Standard Book Number | 9780198085423 |
| 035 ## - SYSTEM CONTROL NUMBER | |
| System control number | B-652083-090 |
| 035 ## - SYSTEM CONTROL NUMBER | |
| System control number | B-666244 |
| 035 ## - SYSTEM CONTROL NUMBER | |
| System control number | EN-100460 |
| 037 ## - SOURCE OF ACQUISITION | |
| Source of stock number/acquisition | Pragati |
| Stock number | dpl |
| 037 ## - SOURCE OF ACQUISITION | |
| Source of stock number/acquisition | DBAD/PUB |
| 082 ## - DEWEY DECIMAL CLASSIFICATION NUMBER | |
| Classification number | 526.9 |
| 100 ## - MAIN ENTRY--PERSONAL NAME | |
| Personal name | Subramanian, R. |
| 245 ## - TITLE STATEMENT | |
| Title | Surveying and levelling / |
| Statement of responsibility, etc | by R.Subramanian |
| 250 ## - EDITION STATEMENT | |
| Edition statement | 2nd. ed. |
| 260 ## - PUBLICATION, DISTRIBUTION, ETC. (IMPRINT) | |
| Place of publication, distribution, etc | New Delhi |
| Name of publisher, distributor, etc | Oxford University Press |
| Date of publication, distribution, etc | 2016 |
| 270 ## - ADDRESS | |
| Address | YMCA Library Building, 1, Jai Singh Road, |
| City | New Delhi |
| Postal code | 110001 |
| 300 ## - PHYSICAL DESCRIPTION | |
| Extent | xxiv,957p. |
| Dimensions | 24cm(pbk) |
| Other physical details | illus. |
| 942 ## - ADDED ENTRY ELEMENTS (KOHA) | |
| Source of classification or shelving scheme | Dewey Decimal Classification |
| Item type | English Books |
| Classification part | 526.9 |
| Call number suffix | SUB |
| Withdrawn status | Lost status | Not for loan | Collection code | Home library | Current library | Date acquired | Source of acquisition | Cost, normal purchase price | Full call number | Barcode | Copy number | Cost, replacement price | Koha item type | Public note |
|---|---|---|---|---|---|---|---|---|---|---|---|---|---|---|
| Non-fiction | Ashok Vihar | Ashok Vihar | 04/05/2017 | BPPD/EN/2016-17/AV/16-17/466/15.02.2017/570/28.02.2017/10.3.2017 | 679.00 | 526.9 SUB | B-666244 | 1 | 679.00 | English Books | reprint (2017) cost | |||
| Not For Loan | Non-fiction | D.B.Act.Division | Bawana | 23/12/2016 | DBAD/PUB | 625.00 | 526.9 SUB | EN-100460 | 1 | 625.00 | English Books | |||
| Non-fiction | Bawana | Bawana | 15/02/2017 | BPPD/EN/2016-17/300/24.11.2016/IN341/2.12.2017/4.1.2017 | 625.00 | 526.9 SUB | B-652089 | 1 | 625.00 | English Books | ||||
| Non-fiction | Central Library | Central Library | 15/02/2017 | BPPD/EN/2016-17/300/24.11.2016/IN341/2.12.2017/4.1.2017 | 625.00 | 526.9 SUB | B-652083 | 1 | 625.00 | English Books | ||||
| Non-fiction | Janak Puri | Janak Puri | 15/02/2017 | BPPD/EN/2016-17/300/24.11.2016/IN341/2.12.2017/4.1.2017 | 625.00 | 526.9 SUB | B-652086 | 1 | 625.00 | English Books | ||||
| Non-fiction | Kasturba Gandhi Marg | Kasturba Gandhi Marg | 15/02/2017 | BPPD/EN/2016-17/300/24.11.2016/IN341/2.12.2017/4.1.2017 | 625.00 | 526.9 SUB | B-652085 | 1 | 625.00 | English Books | ||||
| Non-fiction | Narela | Narela | 15/02/2017 | BPPD/EN/2016-17/300/24.11.2016/IN341/2.12.2017/4.1.2017 | 625.00 | 526.9 SUB | B-652088 | 1 | 625.00 | English Books | ||||
| Non-fiction | Patel Nagar | Patel Nagar | 15/02/2017 | BPPD/EN/2016-17/300/24.11.2016/IN341/2.12.2017/4.1.2017 | 625.00 | 526.9 SUB | B-652084 | 1 | 625.00 | English Books | ||||
| Non-fiction | Sarojini Nagar | Sarojini Nagar | 15/02/2017 | BPPD/EN/2016-17/300/24.11.2016/IN341/2.12.2017/4.1.2017 | 625.00 | 526.9 SUB | B-652087 | 1 | 625.00 | English Books | ||||
| Non-fiction | Shahdara Branch | Shahdara Branch | 15/02/2017 | BPPD/EN/2016-17/300/24.11.2016/IN341/2.12.2017/4.1.2017 | 625.00 | 526.9 SUB | B-652090 | 1 | 625.00 | English Books |
